Score 0/30 Timer 03:00
7 Plays Today
Clue Word % Correct
America's ____ Top Model►NEXT◄
94.8%
52 weeks, plus a day or two►YEAR◄
94%
In close proximityNEAR
91%
Send an IMTEXT
89.1%
Clock a race►TIME◄
88.9%
Alike►SAME◄
87.9%
Yes votesYEAS
84.3%
Oolong and Earl GreyTEAS
83.6%
Keen!NEAT
82.6%
G movie, compared to an R movieTAME
82%
Points at a targetAIMS
81.6%
Fork pointTINE
80.2%
Bedouin dwellingTENT
78.9%
Alternate reality PC game The ____SIMS
77.9%
HueTINT
77.1%
Clue Word % Correct
Worthington and SneadSAMS
75.7%
Turing, Rickman, Moore or Hale♦ALAN♦
75.5%
Coins for the poorALMS
73.1%
Oh, woe is meALAS
69.8%
Prepare cooked potatoes for servingM*A*S*H
66.2%
____ of the d'UrbervillesTESS
64.3%
Gala eventBASH
57.9%
Join together, as with gearsMESH
56.5%
FoundationBASE
55.9%
Entertainment Tonight's JohnTESH
53.9%
VIP's helperAIDE
44.1%
Opera set in EgyptAIDA
40.6%
To wait BIDE
36%
Expressed a sentimentBADE
34.3%
Portrayed Gershwin in 'Rhapsody in Blue'♦ALDA♦
30.5%

Today's Daily Dose

Remove Ads.
Support Sporcle.
Get the best of Sporcle when you Go Orange. This ad-free experience offers more features, more stats, and more fun while also helping to support Sporcle. Thank you for becoming a member.

You're not logged in!

Compare scores with friends on all Sporcle quizzes.
OR
Log In

Show Comments

Extras

Top Quizzes Today


Score Distribution

Your Account Isn't Verified!

In order to create a playlist on Sporcle, you need to verify the email address you used during registration. Go to your Sporcle Settings to finish the process.

Report this User

Report this user for behavior that violates our Community Guidelines.

Details: